Правила оформления документов на технологические процессы консервации и упаковывания. Рекомендации Р 50-114-89

Podrobná bibliografie
Korporativní autor: СССР Государственный комитет по стандартам (Госстандарт)
Jazyk:ruština
Vydáno: Москва, Издательство стандартов, 1990
Edice:Единая система технологической документации
Témata:
Médium: MixedMaterials Kniha
KOHA link:https://koha.lib.tpu.ru/cgi-bin/koha/opac-detail.pl?biblionumber=144680

MARC

LEADER 00000nam0a2200000 4500
001 144680
005 20231031143755.0
029 1 0 |a RU  |b 50-114-89  |c Р 
035 |a (RuTPU)RU\TPU\book\156802 
035 |a RU\TPU\book\156790 
090 |a 144680 
100 |a 20081007d1990 k a0rusy50 ca 
101 0 |a rus 
102 |a RU 
105 |a a l 000zy 
200 1 |a Правила оформления документов на технологические процессы консервации и упаковывания. Рекомендации Р 50-114-89  |f СССР, Государственный комитет по стандартам (Госстандарт) 
210 |a Москва  |c Издательство стандартов  |d 1990 
215 |a 9 с.  |c табл. 
225 1 |a Единая система технологической документации 
229 |a Введены в действие Постановлением Госсударственного комитета СССР по стандартам от 17.08.89 № 2586. Введены впервые 
610 1 |a рекомендации 
610 1 |a правила 
610 1 |a оформление 
610 1 |a документы 
610 1 |a технологические процессы 
610 1 |a консервация 
610 1 |a упаковывание 
675 |a 658(083)  |v 3 
712 0 1 |a СССР  |b Государственный комитет по стандартам (Госстандарт)  |c (1978-1989)  |2 stltpush  |3 (RuTPU)RU\TPU\col\12454 
801 1 |a RU  |b 63413507  |c 20080619  |g PSBO 
801 2 |a RU  |b 63413507  |c 20221207  |g PSBO 
942 |c BK